[Event "NK21_Hoogeveen Open"]
[Site "Hoogeveen, Netherlands"]
[Date "2021.10.17"]
[Round "3.1"]
[White "Konings, Frans"]
[Black "Bezemer, Arno"]
[Result "0-1"]
[TimeControl "NK21_Hoogeveen Open"]
[WhiteElo "2132"]
[BlackElo "2283"]

1. e4 {[%clk 01:30:57]} {[%emt 00:00:02]} Nf6 {[%clk 01:30:21]} {[%emt
00:00:39]} 2. e5 {[%clk 01:31:16]} {[%emt 00:00:11]} Nd5 {[%clk 01:30:48]}
{[%emt 00:00:04]} 3. c4 {[%clk 01:31:34]} {[%emt 00:00:11]} Nb6 {[%clk
01:31:13]} {[%emt 00:00:05]} 4. d4 {[%clk 01:31:59]} {[%emt 00:00:04]} d6
{[%clk 01:31:39]} {[%emt 00:00:04]} 5. f4 {[%clk 01:32:23]} {[%emt 00:00:05]}
dxe5 {[%clk 01:32:01]} {[%emt 00:00:09]} 6. fxe5 {[%clk 01:32:47]} {[%emt
00:00:06]} Nc6 {[%clk 01:32:25]} {[%emt 00:00:06]} 7. Be3 {[%clk 01:33:11]}
{[%emt 00:00:05]} Bf5 {[%clk 01:32:45]} {[%emt 00:00:11]} 8. Nc3 {[%clk
01:33:33]} {[%emt 00:00:08]} e6 {[%clk 01:33:07]} {[%emt 00:00:09]} 9. Nf3
{[%clk 01:33:48]} {[%emt 00:00:15]} Be7 {[%clk 01:32:21]} {[%emt 00:01:16]} 10.
Be2 {[%clk 01:33:38]} {[%emt 00:00:39]} O-O {[%clk 01:32:45]} {[%emt 00:00:06]}
11. O-O {[%clk 01:34:04]} {[%emt 00:00:04]} f6 {[%clk 01:33:06]} {[%emt
00:00:10]} 12. exf6 {[%clk 01:33:58]} {[%emt 00:00:35]} Bxf6 {[%clk 01:33:31]}
{[%emt 00:00:05]} 13. Qd2 {[%clk 01:32:31]} {[%emt 00:01:57]} Qe7 {[%clk
01:33:55]} {[%emt 00:00:06]} 14. Rad1 {[%clk 01:32:34]} {[%emt 00:00:28]} Rad8
{[%clk 01:34:17]} {[%emt 00:00:08]} 15. Kh1 {[%clk 01:32:31]} {[%emt 00:00:32]}
Kh8 {[%clk 01:30:00]} {[%emt 00:04:48]} 16. Qc1 {[%clk 01:19:42]} {[%emt
00:13:19]} Rd7 {[%clk 01:10:49]} {[%emt 00:19:41]} 17. Bg5 {[%clk 01:06:37]}
{[%emt 00:13:35]} Bxg5 {[%clk 01:00:29]} {[%emt 00:10:50]} 18. Qxg5 {[%clk
01:05:34]} {[%emt 00:01:33]} Qxg5 {[%clk 00:49:43]} {[%emt 00:11:17]} 19. Nxg5
{[%clk 01:05:51]} {[%emt 00:00:12]} Rf6 {[%clk 00:32:24]} {[%emt 00:17:49]} 20.
Nce4 {[%clk 00:51:52]} {[%emt 00:14:29]} Bxe4 {[%clk 00:25:12]} {[%emt
00:07:42]} 21. Nxe4 {[%clk 00:52:06]} {[%emt 00:00:16]} Rxf1+ {[%clk 00:25:01]}
{[%emt 00:00:41]} 22. Rxf1 {[%clk 00:52:31]} {[%emt 00:00:05]} Kg8 {[%clk
00:19:49]} {[%emt 00:05:42]} 23. Nc5 {[%clk 00:44:32]} {[%emt 00:08:30]} Re7
{[%clk 00:19:07]} {[%emt 00:01:12]} 24. Rd1 {[%clk 00:44:39]} {[%emt 00:00:23]}
Nd8 {[%clk 00:18:39]} {[%emt 00:00:59]} 25. b3 {[%clk 00:42:59]} {[%emt
00:02:09]} Nc8 {[%clk 00:17:22]} {[%emt 00:01:47]} 26. Bf3 {[%clk 00:42:14]}
{[%emt 00:01:15]} b6 {[%clk 00:17:21]} {[%emt 00:00:32]} 27. Ne4 {[%clk
00:42:29]} {[%emt 00:00:15]} h6 {[%clk 00:16:25]} {[%emt 00:01:26]} 28. Kg1
{[%clk 00:42:52]} {[%emt 00:00:06]} Nf7 {[%clk 00:14:08]} {[%emt 00:02:47]} 29.
Kf2 {[%clk 00:42:37]} {[%emt 00:00:44]} Ncd6 {[%clk 00:14:13]} {[%emt
00:00:26]} 30. c5 {[%clk 00:42:24]} {[%emt 00:00:43]} Nxe4+ {[%clk 00:12:50]}
{[%emt 00:01:53]} 31. Bxe4 {[%clk 00:42:48]} {[%emt 00:00:06]} Rd7 {[%clk
00:12:15]} {[%emt 00:01:05]} 32. b4 {[%clk 00:42:29]} {[%emt 00:00:48]} Kf8
{[%clk 00:11:08]} {[%emt 00:01:36]} 33. h4 {[%clk 00:42:25]} {[%emt 00:00:34]}
Ne5 {[%clk 00:08:35]} {[%emt 00:03:04]} 34. Ke2 {[%clk 00:41:06]} {[%emt
00:01:48]} Ng4 {[%clk 00:08:29]} {[%emt 00:00:37]} 35. a4 {[%clk 00:38:44]}
{[%emt 00:02:52]} Nf6 {[%clk 00:06:32]} {[%emt 00:02:27]} 36. Bc6 {[%clk
00:38:01]} {[%emt 00:01:13]} Rd8 {[%clk 00:06:59]} {[%emt 00:00:02]} 37. Kd3
{[%clk 00:33:51]} {[%emt 00:04:40]} bxc5 {[%clk 00:03:27]} {[%emt 00:04:03]} 38.
bxc5 {[%clk 00:34:13]} {[%emt 00:00:08]} Rb8 {[%clk 00:03:53]} {[%emt
00:00:04]} 39. Kc3 {[%clk 00:33:27]} {[%emt 00:01:16]} a5 {[%clk 00:03:20]}
{[%emt 00:01:04]} 40. Rd2 {[%clk 00:32:36]} {[%emt 00:01:20]} Ke7 {[%clk
00:02:53]} {[%emt 00:00:57]} 41. Rb2 {[%clk 00:32:16]} {[%emt 00:00:50]} Nd5+
{[%clk 00:01:11]} {[%emt 00:02:12]} 42. Bxd5 {[%clk 00:20:07]} {[%emt
00:12:37]} Rxb2 {[%clk 00:01:36]} {[%emt 00:00:08]} 43. Kxb2 {[%clk 00:20:32]}
{[%emt 00:00:05]} exd5 {[%clk 00:02:01]} {[%emt 00:00:05]} 44. Kc2 {[%clk
00:20:23]} {[%emt 00:00:39]} Kf6 {[%clk 00:24:13]} {[%emt 00:08:18]} 45. g4
{[%clk 00:49:26]} {[%emt 00:01:27]} h5 {[%clk 00:24:05]} {[%emt 00:00:38]} 46.
gxh5 {[%clk 00:48:45]} {[%emt 00:01:11]} Kf5 {[%clk 00:24:28]} {[%emt
00:00:07]} 47. Kd3 {[%clk 00:48:44]} {[%emt 00:00:31]} Kf4 {[%clk 00:20:59]}
{[%emt 00:03:59]} 0-1

[Event "NK21_Hoogeveen Open"]
[Site "Hoogeveen, Netherlands"]
[Date "2021.10.17"]
[Round "3.2"]
[White "Van Den Berg, Bram"]
[Black "Gutkind, Kedem"]
[Result "1/2-1/2"]
[TimeControl "NK21_Hoogeveen Open"]
[WhiteElo "2209"]
[BlackElo "2112"]

1. e4 {[%clk 01:30:49]} {[%emt 00:00:09]} e6 {[%clk 01:30:57]} {[%emt
00:00:04]} 2. d4 {[%clk 01:31:02]} {[%emt 00:00:17]} d5 {[%clk 01:31:23]}
{[%emt 00:00:05]} 3. Nd2 {[%clk 01:31:26]} {[%emt 00:00:06]} c5 {[%clk
01:31:22]} {[%emt 00:00:31]} 4. c3 {[%clk 01:30:37]} {[%emt 00:01:19]} cxd4
{[%clk 01:31:37]} {[%emt 00:00:15]} 5. cxd4 {[%clk 01:31:01]} {[%emt 00:00:06]}
dxe4 {[%clk 01:32:03]} {[%emt 00:00:04]} 6. Nxe4 {[%clk 01:31:26]} {[%emt
00:00:05]} Bb4+ {[%clk 01:32:30]} {[%emt 00:00:04]} 7. Nc3 {[%clk 01:31:33]}
{[%emt 00:00:23]} Nf6 {[%clk 01:32:54]} {[%emt 00:00:05]} 8. Nf3 {[%clk
01:31:58]} {[%emt 00:00:05]} O-O {[%clk 01:33:16]} {[%emt 00:00:09]} 9. Bd3
{[%clk 01:30:50]} {[%emt 00:01:37]} b6 {[%clk 01:33:41]} {[%emt 00:00:06]} 10.
O-O {[%clk 01:30:47]} {[%emt 00:00:33]} Bb7 {[%clk 01:33:58]} {[%emt 00:00:13]}
11. a3 {[%clk 01:30:31]} {[%emt 00:00:46]} Be7 {[%clk 01:34:15]} {[%emt
00:00:13]} 12. Re1 {[%clk 01:30:27]} {[%emt 00:00:34]} Nc6 {[%clk 01:33:05]}
{[%emt 00:01:41]} 13. Bc2 {[%clk 01:23:24]} {[%emt 00:07:32]} Rc8 {[%clk
01:27:06]} {[%emt 00:06:29]} 14. Bg5 {[%clk 01:13:39]} {[%emt 00:10:14]} h6
{[%clk 01:26:01]} {[%emt 00:01:36]} 15. Bf4 {[%clk 01:10:06]} {[%emt 00:04:03]}
Na5 {[%clk 01:16:24]} {[%emt 00:10:08]} 16. Ne5 {[%clk 01:06:33]} {[%emt
00:04:02]} Nc6 {[%clk 01:16:46]} {[%emt 00:00:09]} 17. Nf3 {[%clk 01:06:20]}
{[%emt 00:00:43]} Na5 {[%clk 01:12:56]} {[%emt 00:04:20]} 18. Ne5 {[%clk
01:02:49]} {[%emt 00:04:00]} Nc6 {[%clk 01:13:15]} {[%emt 00:00:11]} 1/2-1/2

[Event "NK21_Hoogeveen Open"]
[Site "Hoogeveen, Netherlands"]
[Date "2021.10.17"]
[Round "3.3"]
[White "Willemsma, Abe"]
[Black "Tabak, Stefan"]
[Result "1/2-1/2"]
[TimeControl "NK21_Hoogeveen Open"]
[WhiteElo "2095"]
[BlackElo "2168"]

1. e4 {[%clk 01:30:56]} {[%emt 00:00:03]} c5 {[%clk 01:30:55]} {[%emt
00:00:05]} 2. Nc3 {[%clk 01:31:13]} {[%emt 00:00:13]} Nc6 {[%clk 01:30:45]}
{[%emt 00:00:40]} 3. Bb5 {[%clk 01:31:19]} {[%emt 00:00:24]} e5 {[%clk
01:28:05]} {[%emt 00:03:10]} 4. Bxc6 {[%clk 01:26:40]} {[%emt 00:05:09]} bxc6
{[%clk 01:28:29]} {[%emt 00:00:06]} 5. d3 {[%clk 01:26:56]} {[%emt 00:00:15]}
Nf6 {[%clk 01:28:13]} {[%emt 00:00:45]} 6. f4 {[%clk 01:23:54]} {[%emt
00:03:32]} exf4 {[%clk 01:21:12]} {[%emt 00:07:32]} 7. Bxf4 {[%clk 01:23:16]}
{[%emt 00:01:08]} Be7 {[%clk 01:21:34]} {[%emt 00:00:08]} 8. e5 {[%clk
01:04:56]} {[%emt 00:18:50]} Nd5 {[%clk 01:19:37]} {[%emt 00:02:27]} 9. Nxd5
{[%clk 01:03:17]} {[%emt 00:02:10]} cxd5 {[%clk 01:19:59]} {[%emt 00:00:05]} 10.
Qg4 {[%clk 01:02:44]} {[%emt 00:01:04]} g5 {[%clk 01:01:59]} {[%emt 00:18:31]}
11. Bd2 {[%clk 01:00:55]} {[%emt 00:02:19]} Qb6 {[%clk 00:59:02]} {[%emt
00:03:26]} 12. Nf3 {[%clk 00:51:43]} {[%emt 00:09:43]} h5 {[%clk 00:47:40]}
{[%emt 00:11:52]} 13. Qa4 {[%clk 00:41:49]} {[%emt 00:10:25]} g4 {[%clk
00:39:39]} {[%emt 00:08:30]} 14. Ng5 {[%clk 00:34:56]} {[%emt 00:07:23]} Qg6
{[%clk 00:34:30]} {[%emt 00:05:39]} 15. Qf4 {[%clk 00:33:40]} {[%emt 00:01:46]}
Rg8 {[%clk 00:33:59]} {[%emt 00:01:01]} 16. h4 {[%clk 00:33:35]} {[%emt
00:00:34]} gxh3 {[%clk 00:33:40]} {[%emt 00:00:50]} 17. Nxh3 {[%clk 00:33:39]}
{[%emt 00:00:25]} Bb7 {[%clk 00:17:46]} {[%emt 00:16:24]} 18. O-O-O {[%clk
00:32:48]} {[%emt 00:01:21]} d4 {[%clk 00:17:40]} {[%emt 00:00:36]} 19. Rhg1
{[%clk 00:31:23]} {[%emt 00:01:54]} O-O-O {[%clk 00:13:56]} {[%emt 00:04:14]}
20. Kb1 {[%clk 00:28:47]} {[%emt 00:03:07]} h4 {[%clk 00:11:37]} {[%emt
00:02:49]} 21. Ba5 {[%clk 00:24:25]} {[%emt 00:04:52]} Rdf8 {[%clk 00:11:46]}
{[%emt 00:00:20]} 22. Be1 {[%clk 00:22:17]} {[%emt 00:02:37]} Qg4 {[%clk
00:09:37]} {[%emt 00:02:40]} 23. Qd2 {[%clk 00:18:41]} {[%emt 00:04:06]} Bxg2
{[%clk 00:06:03]} {[%emt 00:04:03]} 24. Nf4 {[%clk 00:18:44]} {[%emt 00:00:27]}
h3 {[%clk 00:06:11]} {[%emt 00:00:23]} 25. Nxg2 {[%clk 00:18:30]} {[%emt
00:00:44]} h2 {[%clk 00:05:04]} {[%emt 00:01:36]} 26. Rh1 {[%clk 00:18:41]}
{[%emt 00:00:20]} Qxg2 {[%clk 00:05:29]} {[%emt 00:00:06]} 27. Rxh2 {[%clk
00:18:55]} {[%emt 00:00:15]} Qf3 {[%clk 00:02:47]} {[%emt 00:03:12]} 28. Bh4
{[%clk 00:15:45]} {[%emt 00:03:40]} Bxh4 {[%clk 00:01:37]} {[%emt 00:01:40]} 29.
Rxh4 {[%clk 00:16:13]} {[%emt 00:00:02]} Rg2 {[%clk 00:01:47]} {[%emt
00:00:20]} 30. Qe1 {[%clk 00:16:05]} {[%emt 00:00:38]} Rfg8 {[%clk 00:02:01]}
{[%emt 00:00:17]} 31. Rh1 {[%clk 00:15:58]} {[%emt 00:00:37]} Qe2 {[%clk
00:00:57]} {[%emt 00:01:35]} 32. Qxe2 {[%clk 00:15:06]} {[%emt 00:01:22]} Rxe2
{[%clk 00:01:25]} {[%emt 00:00:02]} 33. Rhf1 {[%clk 00:14:23]} {[%emt
00:01:13]} Rgg2 {[%clk 00:01:32]} {[%emt 00:00:23]} 34. Rc1 {[%clk 00:14:48]}
{[%emt 00:00:04]} Rgf2 {[%clk 00:01:48]} {[%emt 00:00:15]} 35. Rxf2 {[%clk
00:15:07]} {[%emt 00:00:11]} Rxf2 {[%clk 00:02:16]} {[%emt 00:00:02]} 36. c3
{[%clk 00:14:07]} {[%emt 00:01:30]} 1/2-1/2

[Event "NK21_Hoogeveen Open"]
[Site "Hoogeveen, Netherlands"]
[Date "2021.10.17"]
[Round "3.4"]
[White "Binnendijk, Ferdinand"]
[Black "De Winter, Arthur"]
[Result "0-1"]
[TimeControl "NK21_Hoogeveen Open"]
[WhiteElo "2142"]
[BlackElo "2034"]

1. d4 {[%clk 01:30:58]} Nf6 {[%clk 01:30:53]} {[%emt 00:00:08]} 2. c4 {[%clk
01:31:24]} {[%emt 00:00:04]} g6 {[%clk 01:31:20]} {[%emt 00:00:03]} 3. Nc3
{[%clk 01:31:50]} {[%emt 00:00:05]} Bg7 {[%clk 01:31:46]} {[%emt 00:00:04]} 4.
e4 {[%clk 01:32:16]} {[%emt 00:00:04]} d6 {[%clk 01:32:09]} {[%emt 00:00:07]} 5.
f3 {[%clk 01:32:42]} {[%emt 00:00:04]} O-O {[%clk 01:32:32]} {[%emt 00:00:07]}
6. Be3 {[%clk 01:33:10]} {[%emt 00:00:02]} c5 {[%clk 01:32:55]} {[%emt
00:00:07]} 7. Nge2 {[%clk 01:33:33]} {[%emt 00:00:07]} Nc6 {[%clk 01:33:07]}
{[%emt 00:00:18]} 8. d5 {[%clk 01:30:53]} {[%emt 00:03:11]} Ne5 {[%clk
01:33:15]} {[%emt 00:00:22]} 9. Ng3 {[%clk 01:31:19]} {[%emt 00:00:04]} e6
{[%clk 01:33:36]} {[%emt 00:00:09]} 10. Be2 {[%clk 01:31:42]} {[%emt 00:00:07]}
exd5 {[%clk 01:33:50]} {[%emt 00:00:15]} 11. cxd5 {[%clk 01:32:03]} {[%emt
00:00:09]} a6 {[%clk 01:34:05]} {[%emt 00:00:16]} 12. a4 {[%clk 01:29:16]}
{[%emt 00:03:17]} Bd7 {[%clk 01:33:52]} {[%emt 00:00:41]} 13. O-O {[%clk
01:26:34]} {[%emt 00:03:13]} b5 {[%clk 01:33:43]} {[%emt 00:00:39]} 14. axb5
{[%clk 01:22:12]} {[%emt 00:04:52]} axb5 {[%clk 01:34:06]} {[%emt 00:00:06]} 15.
Qc2 {[%clk 01:12:48]} {[%emt 00:09:54]} b4 {[%clk 01:15:46]} {[%emt 00:18:50]}
16. Rxa8 {[%clk 01:03:25]} {[%emt 00:09:54]} Qxa8 {[%clk 01:16:08]} {[%emt
00:00:06]} 17. Nd1 {[%clk 01:03:47]} {[%emt 00:00:08]} Rb8 {[%clk 01:05:59]}
{[%emt 00:10:39]} 18. h3 {[%clk 00:59:47]} {[%emt 00:04:30]} Bb5 {[%clk
01:03:22]} {[%emt 00:03:07]} 19. f4 {[%clk 00:53:17]} {[%emt 00:07:01]} b3
{[%clk 00:58:22]} {[%emt 00:05:30]} 20. Qd2 {[%clk 00:52:57]} {[%emt 00:00:50]}
Nc4 {[%clk 00:58:00]} {[%emt 00:00:52]} 21. Bxc4 {[%clk 00:53:23]} {[%emt
00:00:05]} Bxc4 {[%clk 00:58:24]} {[%emt 00:00:05]} 22. Re1 {[%clk 00:51:50]}
{[%emt 00:02:03]} h5 {[%clk 00:54:47]} {[%emt 00:04:07]} 23. Nc3 {[%clk
00:47:32]} {[%emt 00:04:48]} Rb4 {[%clk 00:46:16]} {[%emt 00:09:01]} 24. f5
{[%clk 00:36:50]} {[%emt 00:11:12]} h4 {[%clk 00:42:51]} {[%emt 00:03:54]} 25.
e5 {[%clk 00:33:57]} {[%emt 00:03:24]} Nxd5 {[%clk 00:37:35]} {[%emt 00:05:45]}
26. f6 {[%clk 00:32:25]} {[%emt 00:02:03]} Bf8 {[%clk 00:31:35]} {[%emt
00:06:29]} 27. Nge4 {[%clk 00:23:44]} {[%emt 00:09:11]} Nxe3 {[%clk 00:27:57]}
{[%emt 00:04:08]} 28. Qxe3 {[%clk 00:23:21]} {[%emt 00:00:54]} d5 {[%clk
00:26:36]} {[%emt 00:01:50]} 29. Ng5 {[%clk 00:21:41]} {[%emt 00:02:10]} Bh6
{[%clk 00:09:25]} {[%emt 00:17:41]} 30. e6 {[%clk 00:19:49]} {[%emt 00:02:23]}
d4 {[%clk 00:09:05]} {[%emt 00:00:49]} 31. Qe5 {[%clk 00:10:29]} {[%emt
00:09:50]} Bxe6 {[%clk 00:05:33]} {[%emt 00:04:01]} 32. Nce4 {[%clk 00:07:09]}
{[%emt 00:03:50]} Qd5 {[%clk 00:04:58]} {[%emt 00:01:05]} 33. Nxc5 {[%clk
00:02:25]} {[%emt 00:05:15]} Bxg5 {[%clk 00:04:02]} {[%emt 00:01:26]} 34. Nxe6
{[%clk 00:02:43]} {[%emt 00:00:12]} Qxe5 {[%clk 00:04:14]} {[%emt 00:00:17]} 35.
Rxe5 {[%clk 00:03:08]} {[%emt 00:00:06]} Be3+ {[%clk 00:04:40]} {[%emt
00:00:04]} 0-1

[Event "NK21_Hoogeveen Open"]
[Site "Hoogeveen, Netherlands"]
[Date "2021.10.17"]
[Round "3.5"]
[White "Roobol, Martin"]
[Black "Hoffman, Ron"]
[Result "1/2-1/2"]
[TimeControl "NK21_Hoogeveen Open"]
[WhiteElo "2296"]
[BlackElo "1977"]

1. e4 {[%clk 01:30:58]} {[%emt 00:00:01]} c5 {[%clk 01:30:28]} {[%emt
00:00:33]} 2. Nf3 {[%clk 01:31:14]} {[%emt 00:00:14]} Nc6 {[%clk 01:30:47]}
{[%emt 00:00:11]} 3. d4 {[%clk 01:31:15]} {[%emt 00:00:29]} cxd4 {[%clk
01:31:12]} {[%emt 00:00:05]} 4. Nxd4 {[%clk 01:31:41]} {[%emt 00:00:04]} e5
{[%clk 01:31:34]} {[%emt 00:00:08]} 5. Nb5 {[%clk 01:31:50]} {[%emt 00:00:21]}
d6 {[%clk 01:31:56]} {[%emt 00:00:08]} 6. c4 {[%clk 01:31:48]} {[%emt
00:00:32]} Be7 {[%clk 01:32:03]} {[%emt 00:00:23]} 7. N5c3 {[%clk 01:26:03]}
{[%emt 00:06:16]} Be6 {[%clk 01:29:37]} {[%emt 00:02:55]} 8. Nd5 {[%clk
01:24:03]} {[%emt 00:02:30]} Rc8 {[%clk 01:28:39]} {[%emt 00:01:29]} 9. Nbc3
{[%clk 01:23:16]} {[%emt 00:01:17]} a6 {[%clk 01:20:31]} {[%emt 00:08:36]} 10.
Bd3 {[%clk 01:11:34]} {[%emt 00:12:13]} Bg5 {[%clk 01:16:40]} {[%emt 00:04:21]}
11. O-O {[%clk 01:00:06]} {[%emt 00:11:58]} Bxc1 {[%clk 01:15:58]} {[%emt
00:01:13]} 12. Rxc1 {[%clk 01:00:27]} {[%emt 00:00:08]} Nge7 {[%clk 01:15:46]}
{[%emt 00:00:39]} 13. Ne3 {[%clk 00:51:13]} {[%emt 00:09:47]} O-O {[%clk
00:56:23]} {[%emt 00:19:52]} 14. b3 {[%clk 00:50:16]} {[%emt 00:01:29]} Nd4
{[%clk 00:53:11]} {[%emt 00:03:41]} 15. Qd2 {[%clk 00:48:10]} {[%emt 00:02:37]}
Qa5 {[%clk 00:48:33]} {[%emt 00:05:08]} 16. Rfd1 {[%clk 00:46:31]} {[%emt
00:02:09]} Rfd8 {[%clk 00:42:34]} {[%emt 00:06:29]} 17. Qb2 {[%clk 00:43:06]}
{[%emt 00:03:55]} b5 {[%clk 00:40:32]} {[%emt 00:02:31]} 18. b4 {[%clk
00:29:31]} {[%emt 00:14:07]} Qb6 {[%clk 00:40:20]} {[%emt 00:00:41]} 19. Ncd5
{[%clk 00:29:44]} {[%emt 00:00:18]} Nxd5 {[%clk 00:37:48]} {[%emt 00:03:02]} 20.
cxd5 {[%clk 00:24:24]} {[%emt 00:05:50]} Bd7 {[%clk 00:37:30]} {[%emt
00:00:47]} 21. Rxc8 {[%clk 00:24:33]} {[%emt 00:00:23]} Rxc8 {[%clk 00:37:49]}
{[%emt 00:00:10]} 22. Rc1 {[%clk 00:24:59]} {[%emt 00:00:04]} Qb7 {[%clk
00:33:58]} {[%emt 00:04:20]} 23. Rc3 {[%clk 00:21:27]} {[%emt 00:04:02]} Rxc3
{[%clk 00:33:38]} {[%emt 00:00:51]} 24. Qxc3 {[%clk 00:21:52]} {[%emt
00:00:06]} Qc8 {[%clk 00:32:40]} {[%emt 00:01:26]} 25. Qxc8+ {[%clk 00:20:19]}
{[%emt 00:02:04]} Bxc8 {[%clk 00:33:06]} {[%emt 00:00:04]} 26. f3 {[%clk
00:20:42]} {[%emt 00:00:07]} g6 {[%clk 00:27:49]} {[%emt 00:05:47]} 27. Kf2
{[%clk 00:14:09]} {[%emt 00:07:02]} Kg7 {[%clk 00:26:09]} {[%emt 00:02:10]} 28.
g3 {[%clk 00:13:40]} {[%emt 00:00:59]} f6 {[%clk 00:25:41]} {[%emt 00:00:58]}
29. Nd1 {[%clk 00:13:16]} {[%emt 00:00:54]} h6 {[%clk 00:23:31]} {[%emt
00:02:38]} 30. Nc3 {[%clk 00:13:10]} {[%emt 00:00:38]} Bd7 {[%clk 00:23:45]}
{[%emt 00:00:15]} 31. Ke3 {[%clk 00:13:24]} {[%emt 00:00:17]} g5 {[%clk
00:11:14]} {[%emt 00:13:01]} 32. f4 {[%clk 00:10:27]} {[%emt 00:03:27]} gxf4+
{[%clk 00:11:01]} {[%emt 00:00:43]} 33. gxf4 {[%clk 00:10:50]} {[%emt
00:00:07]} Kg6 {[%clk 00:08:40]} {[%emt 00:02:51]} 34. Ne2 {[%clk 00:06:42]}
{[%emt 00:04:39]} Nxe2 {[%clk 00:08:44]} {[%emt 00:00:26]} 35. Bxe2 {[%clk
00:07:07]} {[%emt 00:00:05]} Bc8 {[%clk 00:02:32]} {[%emt 00:06:42]} 36. Kf3
{[%clk 00:02:56]} {[%emt 00:04:41]} Bd7 {[%clk 00:01:50]} {[%emt 00:01:12]} 37.
Kg3 {[%clk 00:02:24]} {[%emt 00:01:03]} f5 {[%clk 00:00:40]} {[%emt 00:01:41]}
38. fxe5 {[%clk 00:00:39]} {[%emt 00:02:14]} dxe5 {[%clk 00:01:08]} {[%emt
00:00:02]} 39. exf5+ {[%clk 00:01:02]} {[%emt 00:00:08]} Bxf5 {[%clk 00:01:35]}
{[%emt 00:00:03]} 40. Kf3 {[%clk 00:00:34]} {[%emt 00:00:57]} Kf6 {[%clk
00:00:57]} {[%emt 00:01:07]} 41. Ke3 {[%clk 00:00:36]} {[%emt 00:00:29]} Ke7
{[%clk 00:22:16]} {[%emt 00:09:10]} 42. Bd1 {[%clk 00:24:24]} {[%emt 00:06:42]}
Kd6 {[%clk 00:21:45]} {[%emt 00:01:01]} 43. Bb3 {[%clk 00:24:29]} {[%emt
00:00:25]} Bh3 {[%clk 00:20:10]} {[%emt 00:02:05]} 44. Kf2 {[%clk 00:24:52]}
{[%emt 00:00:07]} Bf5 {[%clk 00:20:18]} {[%emt 00:00:21]} 45. Ke3 {[%clk
00:25:17]} {[%emt 00:00:05]} 1/2-1/2

[Event "NK21_Hoogeveen Open"]
[Site "Hoogeveen, Netherlands"]
[Date "2021.10.17"]
[Round "3.6"]
[White "Osterwald, Elwin"]
[Black "Labruyere, Roger"]
[Result "0-1"]
[TimeControl "NK21_Hoogeveen Open"]
[WhiteElo "2130"]
[BlackElo "2009"]

1. Nf3 {[%clk 01:30:57]} {[%emt 00:00:02]} g6 {[%clk 01:30:45]} {[%emt
00:00:16]} 2. d4 {[%clk 01:31:13]} {[%emt 00:00:13]} Nf6 {[%clk 01:31:05]}
{[%emt 00:00:10]} 3. c4 {[%clk 01:31:19]} {[%emt 00:00:23]} Bg7 {[%clk
01:31:26]} {[%emt 00:00:09]} 4. g3 {[%clk 01:31:27]} {[%emt 00:00:23]} O-O
{[%clk 01:31:49]} {[%emt 00:00:07]} 5. Bg2 {[%clk 01:31:46]} {[%emt 00:00:10]}
c5 {[%clk 01:30:34]} {[%emt 00:01:46]} 6. Nc3 {[%clk 01:31:27]} {[%emt
00:00:48]} cxd4 {[%clk 01:30:36]} {[%emt 00:00:28]} 7. Nxd4 {[%clk 01:31:46]}
{[%emt 00:00:11]} Nc6 {[%clk 01:30:57]} {[%emt 00:00:10]} 8. O-O {[%clk
01:31:59]} {[%emt 00:00:17]} a6 {[%clk 01:28:32]} {[%emt 00:02:56]} 9. Nc2
{[%clk 01:12:57]} {[%emt 00:19:32]} d6 {[%clk 01:28:03]} {[%emt 00:00:59]} 10.
b3 {[%clk 01:12:11]} {[%emt 00:01:16]} Bd7 {[%clk 01:26:07]} {[%emt 00:02:26]}
11. Bb2 {[%clk 01:08:25]} {[%emt 00:04:16]} Rb8 {[%clk 01:25:44]} {[%emt
00:00:52]} 12. Nd5 {[%clk 01:04:55]} {[%emt 00:04:00]} Nxd5 {[%clk 01:20:45]}
{[%emt 00:05:29]} 13. Bxg7 {[%clk 01:04:55]} {[%emt 00:00:30]} Ne3 {[%clk
01:20:25]} {[%emt 00:00:51]} 14. Nxe3 {[%clk 01:05:05]} {[%emt 00:00:20]} Kxg7
{[%clk 01:20:51]} {[%emt 00:00:04]} 15. Qd2 {[%clk 01:01:23]} {[%emt 00:04:11]}
Be6 {[%clk 01:17:06]} {[%emt 00:04:15]} 16. Rac1 {[%clk 00:57:28]} {[%emt
00:04:24]} Qb6 {[%clk 01:11:29]} {[%emt 00:06:06]} 17. Rfd1 {[%clk 00:53:16]}
{[%emt 00:04:43]} Kg8 {[%clk 01:08:14]} {[%emt 00:03:45]} 18. h4 {[%clk
00:51:55]} {[%emt 00:01:50]} h5 {[%clk 01:05:32]} {[%emt 00:03:12]} 19. Nd5
{[%clk 00:48:28]} {[%emt 00:03:57]} Bxd5 {[%clk 01:01:16]} {[%emt 00:04:46]} 20.
Bxd5 {[%clk 00:48:45]} {[%emt 00:00:13]} Ne5 {[%clk 01:01:16]} {[%emt
00:00:31]} 21. Qg5 {[%clk 00:48:20]} {[%emt 00:00:55]} e6 {[%clk 01:00:00]}
{[%emt 00:01:46]} 22. Bg2 {[%clk 00:46:29]} {[%emt 00:02:20]} Qc5 {[%clk
00:55:06]} {[%emt 00:05:24]} 23. Qd2 {[%clk 00:33:24]} {[%emt 00:13:36]} Ng4
{[%clk 00:47:44]} {[%emt 00:07:52]} 24. e3 {[%clk 00:30:12]} {[%emt 00:03:41]}
Qa3 {[%clk 00:46:00]} {[%emt 00:02:14]} 25. Rc2 {[%clk 00:28:57]} {[%emt
00:01:45]} Rfd8 {[%clk 00:43:03]} {[%emt 00:03:27]} 26. c5 {[%clk 00:26:31]}
{[%emt 00:02:57]} dxc5 {[%clk 00:40:42]} {[%emt 00:02:51]} 27. Qxd8+ {[%clk
00:26:47]} {[%emt 00:00:14]} Rxd8 {[%clk 00:41:12]} {[%emt 00:00:01]} 28. Rxd8+
{[%clk 00:27:08]} {[%emt 00:00:08]} Kg7 {[%clk 00:41:37]} {[%emt 00:00:04]} 29.
Bxb7 {[%clk 00:27:09]} {[%emt 00:00:29]} Qb4 {[%clk 00:41:16]} {[%emt
00:00:51]} 30. Bf3 {[%clk 00:26:12]} {[%emt 00:01:27]} Ne5 {[%clk 00:40:50]}
{[%emt 00:00:56]} 31. Kg2 {[%clk 00:23:30]} {[%emt 00:03:13]} Nxf3 {[%clk
00:41:05]} {[%emt 00:00:15]} 32. Kxf3 {[%clk 00:23:52]} {[%emt 00:00:07]} Qg4+
{[%clk 00:41:32]} {[%emt 00:00:03]} 0-1